| 000 | 01621cam a22003975a 4500 | ||
|---|---|---|---|
| 001 | 16964248 | ||
| 003 | OSt | ||
| 005 | 20140310182240.0 | ||
| 008 | 110915s1997 nyu j 000 1 eng d | ||
| 010 | _a 2011487708 | ||
| 020 | _a0553570722 (pbk.) | ||
| 035 | _a(OCoLC)ocm37639368 | ||
| 040 |
_aIHI _cIHI _dSLC _dOCL _dBAKER _dBTCTA _dBRENT _dDLC |
||
| 042 | _alccopycat | ||
| 050 |
_aPZ 7 _b.W716r 1997 |
||
| 082 |
_aFIC _bW67sv 1997 |
||
| 100 | 1 |
_aWilliam, Kate. _918781 |
|
| 245 | 1 | 0 |
_a"R" for revenge / _cwritten by Kate William ; created by Francine Pascal. |
| 260 |
_aNew York : _bBantam, _c1997. |
||
| 300 |
_a231 p. ; _c18 cm. |
||
| 490 | 1 | _aSweet Valley High. Super thriller | |
| 520 | _aCheerleading co-captains Jessica Wakefield and Heather Mallone thought they'd found the perfect faculty advisor for their squad in Nancy Swanson. They were sure the mousy assistant librarian wouldn't cramp their style at all. But neither of them knows about the dark secret in Nancy's past, or how dangerous she really is. | ||
| 650 | 0 |
_aTwins _xFiction. _919029 |
|
| 650 | 0 |
_aRevenge _xFiction. _919030 |
|
| 650 | 0 |
_aDetective and mystery stories. _94339 |
|
| 650 | 1 |
_aCheerleading _vFiction. _919031 |
|
| 650 | 1 |
_aLibrarians _vFiction. _919032 |
|
| 650 | 1 |
_aMystery and detective stories. _93790 |
|
| 700 | 1 |
_aPascal, Francine. _93767 |
|
| 710 | 2 |
_aCopyright Paperback Collection (Library of Congress) _5DLC _9705 |
|
| 830 | 0 |
_aSweet Valley High. _pSuper thriller. _919033 |
|
| 906 |
_a0 _bibc _ccopycat _d2 _encip _f20 _gy-genrareb |
||
| 942 |
_2lcc _cBK-FIC |
||
| 999 |
_c11126 _d11126 |
||